|
|
|
|
| LEADER |
00000nam0a2200000 4500 |
| 001 |
111241 |
| 005 |
20231031120758.0 |
| 035 |
|
|
|a (RuTPU)RU\TPU\book\120137
|
| 090 |
|
|
|a 111241
|
| 100 |
|
|
|a 20070313d1981 m y0rusy50 ca
|
| 101 |
0 |
|
|a rus
|
| 102 |
|
|
|a RU
|
| 105 |
|
|
|a y z 000zy
|
| 200 |
1 |
|
|a Подвиг народа
|e [сборник статей]
|f Академия наук СССР (АН СССР) ; Институт военной истории ; под ред. П. А. Жилина
|
| 210 |
|
|
|a Москва
|c Наука
|d 1981
|
| 215 |
|
|
|a 223 с.
|
| 610 |
1 |
|
|a Советский Союз
|
| 610 |
1 |
|
|a Германия
|
| 610 |
1 |
|
|a германский фашизм
|
| 610 |
1 |
|
|a войны
|
| 610 |
1 |
|
|a история
|
| 610 |
1 |
|
|a военное искусство
|
| 610 |
1 |
|
|a Великая Отечественная война 1941-1945
|
| 675 |
|
|
|a 9(С)27
|v 3
|
| 702 |
|
1 |
|a Жилин
|b П. А.
|4 340
|
| 712 |
0 |
2 |
|a Академия наук СССР (АН СССР)
|2 stltpush
|3 (RuTPU)RU\TPU\col\722
|
| 712 |
0 |
2 |
|a Институт военной истории
|2 stltpush
|3 (RuTPU)RU\TPU\col\9003
|
| 801 |
|
1 |
|a RU
|b 63413507
|c 20070313
|g PSBO
|
| 801 |
|
2 |
|a RU
|b 63413507
|c 20080328
|g PSBO
|
| 942 |
|
|
|c BK
|